000 00227nam a22001217a 4500
040 _cSK
082 _a143
100 _aNA
245 _aBeneficiaires de mobilite
260 _aRUA
_bNA
_c2013
300 _a160p.
942 _cEK
999 _c10208
_d10208